00402nam a2200145Ia 4500008004100000020001500041041001200056082001600068100001800084245008700102250000800189260003700197300000800234650001400242221030s9999 xx 000 0 und d a8187433299 aEnglish a105.23bCha aB. S. Chhabra 4aThe Intel 8086/8088 Microprocessor Architecture, Programming, Design & Interfacing a3rd bDhanpat Rai PubaNew Delhic2002 a673 aComputers